000 00926nam a22002891 4500
001 2166546
003 URS
005 20260326151014.0
008 730102s1961 nyua 000 0 eng
010 _a 61009751
040 _aDLC
_cDLC
_dURS
_beng
_erda
050 1 4 _aLB1573
_b.H23 1961
100 1 _aHarris, Albert Josiah.
245 1 0 _aHow to increase reading ability,
_ba guide to developmental and remedial methods.
250 _a[4th ed. rev.]
260 _c1961.
264 1 _aNew York,
_bLongmans, Green,
_cc1961.
300 _axxi, 624 pages.
_billustrations.
_c22 cm
336 _atext
_btxt
_2rdacontent
337 _aunmediated
_bn
_2rdamedia
338 _avolume
_bnc
_2rdacarrier
500 _aincludes appendices.
504 _aincludes index.
650 0 _aReading (Elementary)
650 0 _aReading, Psychology of.
942 _2lcc
_cFR
_efourth edition, revised
_hLB1573
_i.H2401 1961
999 _c99285
_d99282